| 000 | 00497nam a2200193Ia 4500 | ||
|---|---|---|---|
| 008 | 151121s9999||||xx |||||||||||||| ||und|| | ||
| 082 | _a778ред53/Mas | ||
| 082 | _bHNW-53557 | ||
| 100 | _aMast Gerald | ||
| 245 | 2 | _aA Short History of the Movies | |
| 260 | _bThe University of Chicago Press | ||
| 260 | _c-- | ||
| 300 | _a499 | ||
| 600 | _aMast Gerald | ||
| 630 | _aA Short History of the Movies | ||
| 700 | _aMast Gerald | ||
| 730 | _aA Short History of the Movies | ||
| 942 | _cBOOK | ||
| 999 |
_c1237147 _d1237144 |
||